| 000 | 00492nam a2200169 a 4500 | ||
|---|---|---|---|
| 005 | 20140412111306.0 | ||
| 008 | 010503s19uu xx 00 eng d | ||
| 020 | _a0-394-62043-7 | ||
| 050 |
_aTR(PS E _bJe39 |
||
| 100 | _aYoung, Miriam | ||
| 245 |
_aJellybeans for breakfast / _cby Miriam Young; pictures by Beverly Komoda. |
||
| 260 |
_aNew York : _bRandom House, _c1968. |
||
| 300 | _a1v. (unp.) ; ill. | ||
| 500 | _aw/ transparencies | ||
| 650 | _aChildren's stories | ||
| 999 |
_c103718 _d103718 |
||